000 00598nam a2200217 i 4500
001 bg
100 1 _aPIKOŃ, Andrzej
245 1 0 _aAutoCAD 2004 :
_bpierwsze kroki /
_cAndrzej Pikoń.
260 _aGliwice :
_b"Helion",
_ccop. 2003.
300 _a206 s. :
_bil. ;
_c24 cm.
650 9 _aAutoCad
655 _aPodręczniki
020 _a8373611533
040 _cBPK
041 0 _apol
080 _a004.42:004.92](07)
920 _a83-7361-153-3
942 _cKS
008 s pl f |000 0 pol
999 _c43544
_d43544
856 _uhttp://koha.tu.koszalin.pl/cgi-bin/koha/opac-detail.pl?biblionumber=43544
_yKatalog online BPK